[Event "68th GRE-ch 2018"]
[Site "Thessaloniki"]
[Date "2018.12.15"]
[Round "4"]
[White "Skaperdas, Kostantinos"]
[Black "Makka, Evanthia"]
[Result "1/2-1/2"]
[WhiteElo "2231"]
[BlackElo "2084"]
[Annotator "NA"]
[PlyCount "50"]
[EventDate "2018.12.12"]
[EventType "tourn"]
[EventCountry "GRE"]
[SourceTitle "playchess.com"]
[Source "ChessBase"]
[SourceQuality "1"]
[TimeControl "40/5400+30:1800+30"]

1. Nf3 {[%emt 0:00:00]} d5 {[%emt 0:03:43]} 2. e3 {[%emt 0:00:11]} Nf6 {[%emt 0:04:55]} 3. c4 {[%emt 0:00:46]} e6 {[%emt 0:00:30]} 4. Nc3 {[%emt 0:00:14]} Be7 {[%emt 0:01:36]} 5. b3 {[%emt 0:00:51]} O-O {[%emt 0:05:49]} 6. Bb2 {[%emt 0:00:57]} c5 {[%emt 0:01:01]} 7. cxd5 {[%emt 0:00:45]} Nxd5 {[%emt 0:02:45]} 8. h4 {[%emt 0:01:30]} Nxc3 {[%emt 0:06:13]} 9. Bxc3 {[%emt 0:03:21]} Bf6 {[%emt 0:00:18]} 10. Qc2 {[%emt 0:11:28]} Bxc3 {[%emt 0:13:12]} 11. dxc3 {[%emt 0:01:02]} f5 {[%emt 0:20:11]} 12. Bd3 {[%emt 0:31:34]} Nc6 {[%emt 0:02:58]} 13. O-O-O {[%emt 0:01:28]} Qf6 {[%emt 0:00:23]} 14. e4 {[%emt 0:07:29]} g6 {[%emt 0:06:13]} 15. h5 {[%emt 0:02:38]} g5 {[%emt 0:09:40]} 16. exf5 {[%emt 0:00:38]} g4 {[%emt 0:03:17]} 17. Nd2 {[%emt 0:09:23]} exf5 {[%emt 0:00:10]} 18. f4 {[%emt 0:04:01]} a6 {[%emt 0:04:54]} 19. Nc4 {[%emt 0:03:58]} b5 {[%emt 0:00:23]} 20. Nb6 {[%emt 0:02:30]} Rb8 {[%emt 0:00:06]} 21. Nd5 {[%emt 0:01:09]} Qf7 {[%emt 0:00:59]} 22. Rhe1 {[%emt 0:01:54]} Be6 {[%emt 0:02:26]} 23. Nc7 {[%emt 0:04:20]} Bc8 {[%emt 0:05:08]} 24. Nd5 {[%emt 0:01:13]} Be6 {[%emt 0:00:06]} 25. Nc7 {[%emt 0:00:21]} Bc8 {[%emt 0:01:20]} 1/2-1/2

[Event "68th GRE-ch 2018"]
[Site "Thessaloniki"]
[Date "2018.12.16"]
[Round "5"]
[White "Grivas, Efstratios"]
[Black "Kanakaris, Georgios"]
[Result "0-1"]
[WhiteElo "2424"]
[BlackElo "2401"]
[Annotator "TA"]
[PlyCount "104"]
[EventDate "2018.12.12"]
[EventType "tourn"]
[EventCountry "GRE"]
[SourceTitle "playchess.com"]
[Source "ChessBase"]
[SourceQuality "1"]

{[%evp 21,104,9,10,12,19,-1,0,-10,-12,-8,-10,-13,-8,-8,-7,-7,19,-8,-4,-18,-14,-39,-41,-33,-12,-59,-63,-67,-74,-81,-76,-90,-90,-151,-48,-47,-47,-50,0,0,0,-269,-262,-331,-325,-327,-308,-489,-372,-474,-474,-463,-272,-260,-260,-251,-269,-278,-277,-277,-277,-277,-277,-276,-268,-256,-256,-249,-247,-246,-239,-994,-918,-1717,-1589,-5073,-2788,-5081,-5073,-5632,-5065,-29982,-29982,-29982,-29983]} 1. d4 d5 2. c4 c6 3. Nf3 Nf6 4. Nc3 e6 5. Qd3 Nbd7 6. g3 Be7 7. Bg2 O-O 8. O-O b6 9. cxd5 exd5 10. Bf4 {E07: Closed Catalan: Main Line (5 Nf3 0-0 6 0-0 Nbd7)} Bb7 (10... Re8 11. a3 a5 12. Qc2 Bb7 13. Rfd1 Nf8 14. Rac1 Ng6 15. Bg5 Nd7 16. h4 Bxg5 17. Nxg5 h6 {1-0 (56) Lenderman,A (2560)-Cori Tello,J (2418) Caleta 2010}) 11. Rad1 Re8 {LiveBook: 3 Games} 12. Rfe1 {The position is equal.} Nf8 13. Ne5 $146 ({Predecessor:} 13. e4 Ng6 14. Bd2 dxe4 15. Nxe4 c5 16. Nxf6+ Bxf6 17. Bc3 Rxe1+ 18. Nxe1 Bxg2 19. Nxg2 cxd4 20. Bxd4 Bxd4 21. Qxd4 Qxd4 22. Rxd4 Ne5 23. Rd1 {½-½ (23) Brodt,A (2394)-Razumichin,A (2264) ICCF email 2009}) 13... Ne6 14. Be3 Bd6 15. f4 Qe7 16. Bf2 c5 17. e3 Rad8 18. Qc2 Bb8 19. a3 a6 20. Rd2 b5 21. Qd1 c4 22. Qc2 Qd6 23. g4 Ne4 $1 24. Nxe4 dxe4 25. Bxe4 Bxe4 26. Qxe4 f6 $1 {[%cal Rf6e5]} 27. Bh4 (27. Nc6 $142 Nxf4 28. Qf3 Nh3+ {[%mdl 64] Discovered Attack} 29. Qxh3 Qxc6 30. Bg3) 27... fxe5 (27... Rc8 $17 28. Rf2 c3) 28. Bxd8 $15 Qxd8 29. fxe5 Ng5 30. Qc6 $1 Re6 ({Wrong is} 30... Rxe5 $2 31. dxe5 Qe7 32. Qc8+ Kf7 33. Rd7 $18) (30... Rf8 $5 31. Rf1 $8 Bxe5 $14) 31. Qg2 $2 {[%mdl 8192] [#]} (31. Qa8 $11 {and White has nothing to worry.}) 31... Bxe5 $1 $19 {[%mdl 512]} 32. Rf1 ({Much weaker is} 32. dxe5 {[#]} Qxd2 $1 {[%mdl 512]} 33. Qxd2 Nf3+ 34. Kg2 Nxd2 $19) 32... Bd6 33. Rdf2 {Threatens to win with Qd5.} h6 34. Rf5 (34. Re2 {was necessary.}) 34... Ne4 35. Kh1 Qh4 36. R5f3 Ng3+ (36... Rg6 $142 37. Rh3 Qxg4 38. Qxg4 Rxg4) 37. Rxg3 Bxg3 38. Qxg3 Qxg3 39. hxg3 Rxe3 {[%mdl 4096] Endgame KR-KR} 40. Kg2 Rd3 41. Rf2 Rxd4 42. Kh3 Rd6 43. g5 hxg5 44. Kg4 Rd5 45. Kh5 Kh7 46. Rf7 $2 (46. Rc2) 46... Rd2 47. Ra7 Rxb2 48. Rxa6 c3 {[%cal Bc4c3,Bc3c2][%mdl 32]} 49. Kxg5 Ra2 50. Rb6 Rxa3 51. Rxb5 c2 52. Rc5 Ra5 {[%mdl 64] Promotion. Accuracy: White = 36%, Black = 73%.} 0-1

[Event "68th GRE-ch 2018"]
[Site "Thessaloniki"]
[Date "2018.12.16"]
[Round "5"]
[White "Kourkoulos-Arditis, Stamatis"]
[Black "Nikolaidis, Ioannis"]
[Result "1-0"]
[WhiteElo "2424"]
[BlackElo "2564"]
[Annotator "TA"]
[PlyCount "87"]
[EventDate "2018.12.12"]
[EventType "tourn"]
[EventCountry "GRE"]
[SourceTitle "playchess.com"]
[Source "ChessBase"]
[SourceQuality "1"]

{[%evp 14,87,41,40,45,37,41,29,35,33,30,10,10,10,27,21,33,0,0,0,22,21,22,25,25,25,29,22,23,20,35,19,37,31,164,166,273,260,283,311,303,286,629,616,719,785,747,746,629,681,649,642,492,487,381,342,793,705,619,539,800,804,776,776,710,710,1078,592,5109,5102,29976,29977,29977,29977,29975,29976]} 1. e4 c6 2. d4 d5 3. e5 Bf5 4. h4 h6 5. g4 Bd7 6. Nc3 {B12: Caro-Kann: Advance Variation} (6. Be3 Qb6 7. Nd2 e6 8. Nb3 Na6 9. h5 c5 10. dxc5 Nxc5 11. Nf3 Qc7 12. c3 b6 13. Nbd4 a6 {½-½ (56) Nepomniachtchi,I (2767)-Dreev,A (2652) Doha 2016}) 6... e6 7. Be3 c5 8. dxc5 {LiveBook: 10 Games. White is slightly better.} a6 9. f4 Qc7 10. Nf3 Bxc5 11. Bxc5 Qxc5 12. Qd4 Qxd4 13. Nxd4 Nc6 14. Nxc6 $146 Bxc6 15. Bd3 Ne7 16. Ne2 Bb5 17. h5 Bxd3 18. cxd3 Nc6 19. d4 f6 20. Kd2 Rc8 21. Rag1 fxe5 22. fxe5 O-O 23. g5 Rf2 (23... hxg5 $14 24. Rxg5 Ne7) 24. Ke1 $18 Rxe2+ (24... Rf3 {was called for.}) 25. Kxe2 Nxd4+ {[%mdl 4096] Endgame KRR-KRN} 26. Kd3 Nf3 27. gxh6 Nxe5+ $2 (27... Nxg1 28. Rxg1 Rc7) 28. Ke3 Rc7 29. hxg7 Rxg7 30. h6 {[#] White threatens h7+ and mate.} Rxg1 31. Rxg1+ {KR-KN} Kh7 32. Rg7+ Kxh6 33. Re7 Kg5 34. Rxe6 Kf5 $2 {[#]} (34... Nc6 35. Rd6 Kf5 36. Rxd5+ Ke6) 35. Re7 d4+ 36. Kd2 b5 37. b3 {[%cal Bb2b3,Bb3a4,Ba4a5][%mdl 32]} Ke4 38. Ra7 Nf3+ 39. Kd1 Kd3 40. Rxa6 Ng5 41. a4 bxa4 42. bxa4 {White mates.} Kc4 43. Rg6 Ne4 44. a5 {Accuracy: White = 77%, Black = 32%.} 1-0

[Event "68th GRE-ch 2018"]
[Site "Thessaloniki"]
[Date "2018.12.16"]
[Round "5"]
[White "Koutoukidis, Panagiotis"]
[Black "Ioannidis, Evgenios"]
[Result "0-1"]
[WhiteElo "2357"]
[BlackElo "2382"]
[Annotator "NA"]
[PlyCount "76"]
[EventDate "2018.12.12"]
[EventType "tourn"]
[EventCountry "GRE"]
[SourceTitle "playchess.com"]
[Source "ChessBase"]
[SourceQuality "1"]
[TimeControl "40/5400+30:1800+30"]

1. e4 {[%emt 0:00:00]} e5 {[%emt 0:00:00]} 2. Nf3 {[%emt 0:00:00]} Nc6 {[%emt 0:00:09]} 3. Bc4 {[%emt 0:00:17]} Nf6 {[%emt 0:00:28]} 4. d3 {[%emt 0:01:12]} Be7 {[%emt 0:00:26]} 5. O-O {[%emt 0:00:27]} O-O {[%emt 0:00:23]} 6. Re1 {[%emt 0:00:25]} d6 {[%emt 0:00:39]} 7. a4 {[%emt 0:00:08]} h6 {[%emt 0:01:27]} 8. a5 {[%emt 0:01:48]} a6 {[%emt 0:01:17]} 9. c3 {[%emt 0:04:01]} Be6 {[%emt 0:04:43]} 10. Bxe6 {[%emt 0:05:42]} fxe6 {[%emt 0:00:06]} 11. Qb3 {[%emt 0:00:19]} Qd7 {[%emt 0:00:52]} 12. h3 {[%emt 0:01:19]} Nh5 {[%emt 0:05:53]} 13. Be3 {[%emt 0:01:56]} d5 {[%emt 0:08:19]} 14. Ra4 {[%emt 0:11:18]} Rxf3 {[%emt 0:09:35]} 15. gxf3 {[%emt 0:00:38]} d4 {[%emt 0:00:11]} 16. Bc1 {[%emt 0:16:10]} Rf8 {[%emt 0:05:47]} 17. Qd1 {[%emt 0:00:53]} Bh4 {[%emt 0:07:09]} 18. Kg2 {[%emt 0:14:56]} Ne7 $17 {[%emt 0:04:26]} 19. Rg1 {[%emt 0:06:00]} Ng6 {[%emt 0:01:40]} 20. Kf1 {[%emt 0:01:38]} Rf6 {[%emt 0:07:19]} 21. cxd4 {[%emt 0:07:15]} Qf7 {[%emt 0:01:41]} 22. Nd2 {[%emt 0:01:48]} Nhf4 {[%emt 0:03:36]} 23. dxe5 {[%emt 0:07:56]} Nxe5 {[%emt 0:00:10]} 24. d4 {[%emt 0:03:19]} Ned3 {[%emt 0:12:59]} 25. Qc2 {[%emt 0:01:00]} Bxf2 {[%emt 0:05:22]} 26. Rg4 {[%emt 0:00:02]} Qh5 {[%emt 0:01:44]} 27. h4 {[%emt 0:01:10]} Bxh4 {[%emt 0:01:02]} 28. Qxc7 {[%emt 0:02:29]} Bg5 {[%emt 0:00:43]} 29. Kg1 {[%emt 0:00:23]} Nxc1 {[%emt 0:02:31]} 30. Nf1 {[%emt 0:01:03]} Nce2+ {[%emt 0:02:49]} 31. Kf2 {[%emt 0:00:11]} Qh1 {[%emt 0:01:43]} 32. Ra3 {[%emt 0:01:01]} Nc1 {[%emt 0:03:50]} 33. Qc4 {[%emt 0:01:34]} Kh7 {[%emt 0:02:57]} 34. Rc3 {[%emt 0:01:10]} Nfe2 {[%emt 0:00:38]} 35. Rxg5 {[%emt 0:01:33]} hxg5 {[%emt 0:00:14]} 36. Re3 {[%emt 0:01:07]} Qh4+ {[%emt 0:00:47]} 37. Kg2 {[%emt 0:00:13]} g4 {[%emt 0:01:31]} 38. Qc7 {[%emt 0:01:46]} Nf4+ {[%emt 0:00:12]} 0-1

[Event "68th GRE-ch 2018"]
[Site "Thessaloniki"]
[Date "2018.12.16"]
[Round "5"]
[White "Gouloutis, Nikolaos"]
[Black "Skaperdas, Kostantinos"]
[Result "1/2-1/2"]
[WhiteElo "2353"]
[BlackElo "2231"]
[Annotator "NA"]
[PlyCount "100"]
[EventDate "2018.12.12"]
[EventType "tourn"]
[EventCountry "GRE"]
[SourceTitle "playchess.com"]
[Source "ChessBase"]
[SourceQuality "1"]
[TimeControl "40/5400+30:1800+30"]

1. Nf3 {[%emt 0:00:00]} d5 {[%emt 0:00:16]} 2. g3 {[%emt 0:00:00]} g6 {[%emt 0:01:26]} 3. Bg2 {[%emt 0:06:02]} Bg7 {[%emt 0:00:19]} 4. d4 {[%emt 0:00:39]} Nf6 {[%emt 0:00:13]} 5. O-O {[%emt 0:00:06]} O-O {[%emt 0:00:30]} 6. c4 {[%emt 0:00:03]} dxc4 {[%emt 0:00:15]} 7. Na3 {[%emt 0:00:05]} c5 {[%emt 0:00:14]} 8. Nxc4 {[%emt 0:01:38]} Be6 {[%emt 0:00:08]} 9. b3 {[%emt 0:12:12]} cxd4 {[%emt 0:12:58] D77: Fianchetto Grünfeld: 6 0-0: Replies other than 6...c6} (9... Nc6 10. Bb2 cxd4 11. Nxd4 Nxd4 12. Qxd4 Qxd4 13. Bxd4 Nd5 14. Rfd1 Rad8 15. Bxg7 Kxg7 16. Rd3 b5 17. Bxd5 Rxd5 18. Rxd5 Bxd5 {½-½ (28) Malakhov,V (2686)-Matlakov,M (2735) St Petersburg 2017}) 10. Nxd4 {[%emt 0:01:37]} Bd5 {[%emt 0:00:20]} 11. Bb2 {[%emt 0:06:21]} Bxg2 {[%emt 0:02:35]} 12. Kxg2 {[%emt 0:00:04]} Qd5+ {[%emt 0:00:44]} 13. f3 $146 {[%emt 0:03:59]} ({Predecessor:} 13. Nf3 Nc6 14. Bxf6 Qxd1 15. Raxd1 Bxf6 16. Rd7 Rab8 17. Rfd1 {½-½ (41) Quinteros,M-Barreras,A Cienfuegos 1972}) 13... Rd8 {[%emt 0:07:02]} 14. e4 {[%emt 0:24:52]} Qc5 {[%emt 0:09:18]} 15. Ne6 {[%emt 0:00:39]} Rxd1 {[%emt 0:00:21]} 16. Nxc5 {[%emt 0:00:04]} Rxa1 {[%emt 0:01:39]} 17. Rxa1 {[%emt 0:00:12]} b6 {[%emt 0:00:22]} 18. Rd1 {[%emt 0:04:33]} Nc6 {[%emt 0:03:54]} 19. Na6 {[%emt 0:02:24]} Rd8 {[%emt 0:03:03]} 20. Rxd8+ {[%emt 0:01:24]} Nxd8 {[%emt 0:00:01]} 21. Nb8 $14 {[%emt 0:02:58]} Ne8 {[%emt 0:23:07]} 22. Ba3 {[%emt 0:05:41]} e6 {[%emt 0:01:32]} 23. Be7 {[%emt 0:09:04]} Nb7 {[%emt 0:00:20]} 24. a4 {[%emt 0:00:09]} Nc7 {[%emt 0:10:45]} 25. Bd6 {[%emt 0:00:08]} Na8 {[%emt 0:02:42]} 26. e5 {[%emt 0:02:36]} Bf8 {[%emt 0:03:51]} 27. Nd7 {[%emt 0:02:34]} Bxd6 {[%emt 0:03:51]} 28. exd6 {[%emt 0:07:12]} a6 {[%emt 0:05:03]} 29. Ndxb6 {[%emt 0:00:32]} Nxb6 {[%emt 0:01:07]} 30. Nxb6 {[%emt 0:00:03]} Nxd6 {[%emt 0:00:09]} 31. b4 {[%emt 0:00:02]} Ne8 {[%emt 0:01:56]} 32. Nd7 {[%emt 0:01:52]} Nc7 {[%emt 0:00:30]} 33. f4 {[%emt 0:01:04]} f5 {[%emt 0:00:42]} 34. Nc5 {[%emt 0:04:39]} Kf7 {[%emt 0:00:15]} 35. Kf2 {[%emt 0:00:16]} Ke7 {[%emt 0:00:19]} 36. Ke2 {[%emt 0:00:35]} Kd6 {[%emt 0:00:28]} 37. Kd3 {[%emt 0:00:12]} e5 {[%emt 0:01:52]} 38. fxe5+ {[%emt 0:01:52]} Kxe5 {[%emt 0:00:01]} 39. Kc4 {[%emt 0:00:04]} g5 {[%emt 0:01:07]} 40. Nd7+ {[%emt 0:00:00]} Kd6 {[%emt 0:00:00]} 41. Nf8 {[%emt 0:12:12]} h6 {[%emt 0:04:52]} 42. Kd4 {[%emt 0:00:15]} Ke7 {[%emt 0:11:10]} 43. Ng6+ {[%emt 0:00:04]} Kf6 {[%emt 0:04:45]} 44. Nf8 {[%emt 0:00:13]} Ke7 {[%emt 0:00:02]} 45. Ng6+ {[%emt 0:00:09]} Kf6 {[%emt 0:00:11]} 46. Ne5 {[%emt 0:00:59]} Ne6+ {[%emt 0:01:04]} 47. Kd5 {[%emt 0:00:05]} Nc7+ {[%emt 0:00:09]} 48. Kd6 {[%emt 0:00:04]} Ne8+ {[%emt 0:00:07]} 49. Kd5 {[%emt 0:00:05]} Nc7+ {[%emt 0:00:04]} 50. Kd4 {[%emt 0:00:03]} Ne6+ {[%emt 0:00:05]} 1/2-1/2

[Event "68th GRE-ch 2018"]
[Site "Thessaloniki"]
[Date "2018.12.16"]
[Round "5"]
[White "Makka, Evanthia"]
[Black "Mastrovasilis, Athanasios"]
[Result "0-1"]
[WhiteElo "2084"]
[BlackElo "2510"]
[Annotator "ChessBase"]
[PlyCount "56"]
[EventDate "2018.12.12"]
[EventType "tourn"]
[EventCountry "GRE"]
[SourceTitle "playchess.com"]
[Source "ChessBase"]
[SourceQuality "1"]
[TimeControl "40/5400+30:1800+30"]

1. e4 {[%emt 0:00:00]} c5 {[%emt 0:02:57]} 2. Nf3 {[%emt 0:00:00]} Nc6 {[%emt 0:01:27]} 3. Bb5 {[%emt 0:02:08]} e6 {[%emt 0:02:15]} 4. Bxc6 {[%emt 0:05:02]} bxc6 {[%emt 0:03:32]} 5. d3 {[%emt 0:01:49]} Ne7 {[%emt 0:03:44]} 6. Ng5 {[%emt 0:01:46]} h6 {[%emt 0:13:30]} 7. Qh5 {[%emt 0:11:09]} g6 {[%emt 0:01:46]} 8. Qh3 {[%emt 0:00:26]} Bg7 {[%emt 0:01:00]} 9. Nf3 {[%emt 0:00:06]} e5 {[%emt 0:05:14]} 10. O-O {[%emt 0:04:42]} d6 {[%emt 0:01:05]} 11. Qg3 {[%emt 0:04:56]} g5 {[%emt 0:06:28]} 12. h4 {[%emt 0:11:52]} f6 {[%emt 0:16:27]} 13. Nc3 {[%emt 0:08:17]} Be6 {[%emt 0:06:00]} 14. Ne2 {[%emt 0:09:51]} Qd7 {[%emt 0:01:26]} 15. c3 {[%emt 0:08:23]} O-O-O {[%emt 0:11:26]} 16. d4 {[%emt 0:02:22]} f5 {[%emt 0:04:23]} 17. hxg5 {[%emt 0:10:32]} fxe4 {[%emt 0:01:38]} 18. Nxe5 {[%emt 0:13:47]} dxe5 {[%emt 0:00:25]} 19. dxe5 {[%emt 0:00:35]} Nf5 {[%emt 0:00:28]} 20. Qf4 {[%emt 0:00:31]} hxg5 {[%emt 0:00:51]} 21. Qxe4 {[%emt 0:00:40]} Rh4 {[%emt 0:02:15]} 22. Qc2 {[%emt 0:00:44]} Bxe5 {[%emt 0:03:11]} 23. f3 {[%emt 0:00:53]} Qh7 {[%emt 0:02:03]} 24. Kf2 {[%emt 0:00:29]} Rh2 {[%emt 0:01:19]} 25. Rg1 {[%emt 0:00:33]} Qh4+ {[%emt 0:00:53]} 26. Kf1 {[%emt 0:00:11]} Ng3+ {[%emt 0:01:10]} 27. Nxg3 {[%emt 0:00:16]} Bxg3 {[%emt 0:00:48]} 28. b3 {[%emt 0:00:23]} Qc4+ {[%emt 0:00:53]} 0-1

[Event "68th GRE-ch 2018"]
[Site "Thessaloniki"]
[Date "2018.12.17"]
[Round "6"]
[White "Nikolaidis, Ioannis"]
[Black "Koutoukidis, Panagiotis"]
[Result "1/2-1/2"]
[WhiteElo "2564"]
[BlackElo "2357"]
[Annotator "TA"]
[PlyCount "60"]
[EventDate "2018.12.12"]
[EventType "tourn"]
[EventCountry "GRE"]
[SourceTitle "playchess.com"]
[Source "ChessBase"]
[SourceQuality "1"]

{[%evp 21,60,-11,-11,-11,-11,-11,-11,-14,-14,-7,-8,-8,-8,-7,-11,-18,0,0,0,0,9,7,6,0,0,0,0,0,0,0,0,0,0,0,0,0,0,0,0,0,0]} 1. d4 Nf6 2. c4 e6 3. Nf3 d5 4. Nc3 Be7 5. Bf4 O-O 6. e3 b6 7. Rc1 Bb7 8. cxd5 {D37: Queen's Gambit Declined: 5 Bf4} (8. Bd3 dxc4 9. Bxc4 a6 10. O-O b5 11. Bd3 Nbd7 12. a4 b4 13. Nb1 c5 14. Nbd2 cxd4 15. Bc7 Qe8 16. exd4 {1-0 (57) Lalith,B (2575)-Melkumyan,H (2650) Abu Dhabi 2016}) 8... Nxd5 9. Nxd5 Qxd5 10. a3 Qa5+ 11. Qd2 Qxd2+ {LiveBook: 8 Games. The position is equal.} 12. Kxd2 c5 13. Bd3 $146 ({Predecessor:} 13. dxc5 bxc5 14. Bb5 Rd8+ 15. Ke2 Nd7 {½-½ (29) Sifre Calafat,F (1945)-Reina Guerra,E (1927) ICCF email 2013}) 13... Nd7 14. Ke2 Rac8 15. Bb5 Rfd8 16. Rhd1 Nf6 17. dxc5 Rxd1 18. Kxd1 {[#] And now c6 would win.} Rxc5 (18... bxc5 {is interesting.} 19. Ke2 Nd5 20. Be5 Nb6 21. Rd1 a6) 19. Rxc5 Bxc5 20. Ke2 Kf8 21. Bd3 Ke7 22. b4 Bd6 23. Bxd6+ Kxd6 $11 {[%mdl 4096] Endgame KBN-KBN} 24. Ng5 Ke7 25. f3 h6 26. Nh3 e5 27. Nf2 Bd5 28. Kd2 Be6 29. f4 exf4 30. exf4 Kd6 {Accuracy: White = 83%, Black = 85%.} 1/2-1/2

[Event "68th GRE-ch 2018"]
[Site "Thessaloniki"]
[Date "2018.12.17"]
[Round "6"]
[White "Mastrovasilis, Athanasios"]
[Black "Gouloutis, Nikolaos"]
[Result "1-0"]
[WhiteElo "2510"]
[BlackElo "2353"]
[Annotator "TA"]
[PlyCount "91"]
[EventDate "2018.12.12"]
[EventType "tourn"]
[EventCountry "GRE"]
[SourceTitle "playchess.com"]
[Source "ChessBase"]
[SourceQuality "1"]

{[%evp 9,91,0,0,0,0,0,9,18,20,0,0,0,-5,-7,54,54,56,35,61,33,29,25,32,44,60,52,92,91,116,112,114,117,108,100,112,93,120,127,130,129,131,134,134,134,143,152,140,150,139,128,163,161,160,158,153,156,166,147,139,140,161,154,261,261,260,260,322,316,330,322,347,342,519,324,313,311,347,321,638,638,638,638,5139,5123]} 1. c4 e5 2. Nc3 Bb4 3. g3 d6 (3... Bxc3 4. bxc3 d6 5. Bg2 Ne7 6. Nf3 c5 7. d4 f6 8. dxc5 dxc5 9. Qxd8+ Kxd8 10. Ba3 Nd7 11. Nd2 Rb8 12. Ne4 b6 13. Nd6 Ba6 {1-0 (44) Lalith,B (2529)-Gordievsky,D (2638) Biel 2018}) 4. Qa4+ $146 ({Predecessor:} 4. Bg2 Nc6 5. Nd5 Bc5 6. d3 Nge7 7. e3 O-O 8. Ne2 Nxd5 9. cxd5 Ne7 10. d4 exd4 11. Nxd4 {½-½ (77) Mahdavirad,M (2294)-Tabatabaei,M (2200) Tabriz 2013}) 4... Nc6 5. Nd5 Bc5 6. b4 {A21: English Opening: 1...e5 2 Nc3} Bd4 7. Rb1 Bd7 8. Bg2 {The position is equal.} Nce7 9. Qb3 Nxd5 10. Bxd5 c6 11. Bg2 Rb8 (11... Bb6 $11) 12. Nf3 $14 Bb6 13. Bb2 Bc7 14. c5 Qe7 15. cxd6 Bxd6 16. Qe3 {[%cal Rf3e5]} Bf5 17. Rc1 {[%cal Rf3e5]} Nf6 18. Bxe5 O-O 19. Bxd6 Qxd6 20. Qc5 Qd7 21. O-O Rfe8 22. Rfe1 ({Resist} 22. Qxa7 Ra8 $11) 22... Ne4 23. Qd4 Rbd8 24. Qxd7 ({But not} 24. Qxa7 $6 Nxd2 25. Qb6 Bg4 $14) 24... Rxd7 25. Nh4 Bg6 26. d3 Nd6 27. Nxg6 hxg6 28. e3 g5 29. h3 Ra8 30. Rc5 f6 31. d4 Kf8 32. a4 a6 33. d5 cxd5 34. Rxd5 Ke7 35. Red1 Rc8 {[#]} (35... Rad8 $16 36. Bf3 g6) 36. h4 $1 $18 g4 37. R5d4 f5 38. e4 {e5 is the strong threat.} fxe4 39. Bxe4 Rdd8 40. Bg2 Nf7 (40... Rc7 {was called for.} 41. Rxg4 Kf8 42. Rf4+ Ke8) 41. Re1+ Kf8 42. Rxg4 b5 43. a5 Rc4 $2 (43... Rd6 44. Rge4 Rcd8) 44. Rxc4 {White is clearly winning.} bxc4 {[#]} 45. b5 $1 Rd7 (45... axb5 46. a6) 46. Bc6 {Accuracy: White = 81%, Black = 31%.} 1-0

[Event "68th GRE-ch 2018"]
[Site "Thessaloniki"]
[Date "2018.12.17"]
[Round "6"]
[White "Grivas, Efstratios"]
[Black "Makka, Evanthia"]
[Result "1-0"]
[WhiteElo "2424"]
[BlackElo "2084"]
[Annotator "TA"]
[PlyCount "81"]
[EventDate "2018.12.12"]
[EventType "tourn"]
[EventCountry "GRE"]
[SourceTitle "playchess.com"]
[Source "ChessBase"]
[SourceQuality "1"]

{[%evp 19,81,0,-5,-16,0,-24,10,9,17,16,6,20,43,41,42,46,90,91,77,42,40,41,34,16,21,6,24,22,35,0,20,-12,45,43,89,92,136,86,145,79,171,160,191,190,443,144,156,168,218,218,285,284,628,597,660,659,650,650,648,644,637,622,645,644]} 1. Nf3 d5 2. c4 e6 3. g3 dxc4 4. Qa4+ Bd7 5. Qxc4 c5 6. Bg2 {A13: English Opening: 1...e6} Nc6 7. O-O Nf6 8. b3 Be7 9. Bb2 Rc8 10. d3 O-O {LiveBook: 4 Games} 11. Nbd2 b5 12. Qc3 Kh8 $146 ({Predecessor:} 12... Nb4 13. a3 Nbd5 {½-½ (59) Geller,J (2505)-Riazantsev,A (2659) Sochi 2017}) 13. Rfc1 Rg8 14. Ne5 Nxe5 15. Qxe5 Bc6 16. Bxc6 Rxc6 17. a4 a6 18. axb5 axb5 19. Ra7 (19. b4 $5) 19... Nd5 $1 {And now ...Bf6 would win.} 20. Qh5 f6 21. Nf3 Rc7 22. Ra5 Rb7 23. Rca1 e5 24. Bc1 $40 {[%mdl 128] White has some attack.} Nc3 25. Nd2 (25. Nh4 {is interesting.} g6 26. Qf3 Qd5 27. Qxd5 Nxd5 28. Ra7) 25... Qd4 (25... Qd5 $11) 26. Qf3 $14 Rd7 {[#]} 27. Kg2 $1 Qd5 28. Qxd5 Rxd5 (28... Nxd5 $142 29. Bb2 Rb8) 29. Kf1 ({White should play} 29. Ra7) 29... Bd8 {[#]} (29... Rb8 $16) 30. Ra7 $1 $18 Rd6 31. Bb2 Nd5 $2 (31... b4 32. Bxc3 bxc3) 32. Rb7 $2 (32. Ne4 $18 {is the precise move to win.} Re6 33. Rd7 (33. Nxc5 Rc6 $16)) 32... Rb6 33. Rd7 Nc7 34. Ne4 {aiming for Nd6.} Rf8 35. Nxc5 Rc6 $2 (35... Rb8 36. Ra7 b4 37. Rxd8 {[%mdl 64] Remove Defender} Rfxd8) 36. Nb7 {White is clearly winning.} Ne6 37. Nxd8 Rxd8 38. Rxd8+ Nxd8 39. Ra8 {[%cal Ra8d8]} Rd6 40. Ba3 Rd7 {[#]} 41. Be7 $1 {[%mdl 512] Accuracy: White = 47%, Black = 25%.} 1-0